Calopogonium caeruleum, a shade-tolerant leguminous cover for rubber (Record no. 55050)

MARC details
000 -LEADER
fixed length control field 00461nam a2200157Ia 4500
100 ## - MAIN ENTRY--AUTHOR NAME
Personal name Tan K H
245 #0 - TITLE STATEMENT
Title Calopogonium caeruleum, a shade-tolerant leguminous cover for rubber
260 ## - PUBLICATION, DISTRIBUTION, ETC. (IMPRINT)
Name of publisher Proceedings of the RRIM Planters Conference, Kuala Lumpur, 1976; p45-59
650 ## - SUBJECT ADDED ENTRY--TOPICAL TERM
Topical Term Hevea
650 ## - SUBJECT ADDED ENTRY--TOPICAL TERM
Topical Term Leguminous cover
700 ## - ADDED ENTRY--PERSONAL NAME
Personal name Pushparajah E
700 ## - ADDED ENTRY--PERSONAL NAME
Personal name Shepherd R
700 ## - ADDED ENTRY--PERSONAL NAME
Personal name Teoh C H
942 ## - ADDED ENTRY ELEMENTS (KOHA)
Koha item type Journals
Holdings
Withdrawn status Lost status Damaged status Not for loan Home library Current library Shelving location Date acquired Koha item type
      Journals RRII Library RRII Library Botany 17/12/2021 Journals